000 00334nam a22001457a 4500
020 _a81-7231-523-6
041 _aEnglish
082 _a297 SID
100 _aSiddiqui, Moid
245 _aIslam: A Religion with Wings
260 _aNew Delhi
_bIslamic Book Service Pvt. Ltd.
_c2013
300 _a157
650 _aIslam
942 _cBK
999 _c21026
_d21026